| 000 -LEADER |
| fixed length control field |
00873cam a2200217 a 4500 |
| 020 ## - INTERNATIONAL STANDARD BOOK NUMBER |
| ISBN |
9781580087964 (pbk.) |
| 020 ## - INTERNATIONAL STANDARD BOOK NUMBER |
| ISBN |
1580087965 (pbk.) |
| 040 ## - CATALOGING SOURCE |
| Transcribing agency |
UKM |
| 082 04 - DEWEY DECIMAL CLASSIFICATION NUMBER |
| Classification number |
635 PUB 2006 C159 Or. |
| 100 1# - MAIN ENTRY--AUTHOR NAME |
| Personal name |
Jeavons, John |
| 245 10 - TITLE STATEMENT |
| Title |
How to grow more vegetables : |
| Remainder of title |
(and fruits, nuts, berries, grains, and other crops) than you ever thought possible on less land than you can imagine / |
| 250 ## - EDITION STATEMENT |
| Edition statement |
7th ed |
| 260 ## - PUBLICATION, DISTRIBUTION, ETC. (IMPRINT) |
| Place of publication |
Berkeley, Calif. : |
| Name of publisher |
Ten Speed ; |
| Place of publication |
[Enfield : |
| Name of publisher |
Publishers Group UK, distributor], |
| Year of publication |
c2006 |
| 300 ## - PHYSICAL DESCRIPTION |
| Number of Pages |
xx, 268 p. : |
| Other physical details |
ill. ; |
| Dimensions |
28 cm |
| 500 ## - GENERAL NOTE |
| General note |
Previous ed.: 2002 |
| 520 ## - SUMMARY, ETC. |
| Summary, etc |
Presents the basic principles of biointensive gardening with tips on what to grow, preparing growing beds, and planning and planting crops |
| 650 #0 - SUBJECT ADDED ENTRY--TOPICAL TERM |
| Topical Term |
Vegetable gardening |
| 650 #0 - SUBJECT ADDED ENTRY--TOPICAL TERM |
| Topical Term |
Organic gardening |
| 650 #0 - SUBJECT ADDED ENTRY--TOPICAL TERM |
| Topical Term |
Biointensive gardening |
| 942 ## - ADDED ENTRY ELEMENTS (KOHA) |
| Koha item type |
ADB |
| 952 ## - LOCATION AND ITEM INFORMATION (KOHA) |
| Withdrawn status [LOCAL, KOHA] |
0 |